Cuentos cortos /
Guardado en:
| Autor Principal: | |
|---|---|
| Formato: | Libro |
| Idioma: | Undetermined |
| Publicado: |
Buenos Aires :
Sucesión de Augusto Galli,
1922.
|
| Materias: | |
| Etiquetas: |
Agregar Etiqueta
Sin Etiquetas, Sea el primero en etiquetar este registro!
|
| LEADER | 00470nam a22001575a 4500 | ||
|---|---|---|---|
| 001 | EHU.bham048902 | ||
| 005 | 20111108140519.0 | ||
| 008 | 111108s1922####ag############000#0#und#d | ||
| 100 | 1 | |a Huarpe, Segundo. | |
| 245 | 0 | 0 | |a Cuentos cortos / |c Segundo Huarpe. |
| 260 | |a Buenos Aires : |b Sucesión de Augusto Galli, |c 1922. | ||
| 300 | |a 91 p. | ||
| 653 | |a Narrativa | ||
| 653 | |a Literatura | ||
| 653 | |a Ficción | ||
| 859 | |a AR-BHAM |b BIB. HUMANIDADES - Donacion Lejarraga |h MFN003121 |p 003121.19 | ||
